000 00575nam a2200229Ia 4500
003 OSt
005 20230504175150.0
008 210423s2013 xx 000 0 und d
020 _a978-1-259-07102-7
040 _cAL
041 _aeng
082 _a302
_223
_bMYEE
100 _aMYERS (David G)
_998039
245 _aExploring social psychology Ed 6
250 _a6
260 _aNew York
_bMcGrawhill
_c2013
300 _axx,521
_bPB
365 _b1495
_cINR
650 _aSocial Interaction
_998040
906 _aExploring ; psychology ; social
942 _2ddc
_cBK
999 _c170936
_d170936